[Event "Santiago de Surco Cup Santa Maria 1st"]
[Site "Santiago de Surco"]
[Date "2016.11.26"]
[Round "2.1"]
[White "Orosco Torres, Johann Miguel"]
[Black "Fernandez Perez, Jorge Andres"]
[Result "0-1"]
[WhiteElo "1594"]
[BlackElo "2150"]
[PlyCount "120"]
[EventDate "2016.11.26"]
[EventType "swiss"]
[EventRounds "7"]
[EventCountry "PER"]
[SourceTitle "EXT 2024"]
[Source "ChessBase"]
[SourceDate "2023.10.10"]
[SourceVersion "1"]
[SourceVersionDate "2023.10.10"]
[SourceQuality "1"]

1. e4 c5 2. d4 cxd4 3. c3 d3 4. Bxd3 Nc6 5. c4 g6 6. Nc3 Bg7 7. Nge2 Nf6 8. 0-0 0-0 9. Bc2 d6 10. f3 Be6 11. b3 Qb6+ 12. Kh1 Rfc8 13. Rb1 Nd7 14. Bb2 Qd8 15. Nd5 Qf8 16. Nef4 Bxb2 17. Rxb2 Qg7 18. Qc1 Rab8 19. Bb1 Bxd5 20. Nxd5 e6 21. Nc3 Nd4 22. Rd2 Nc5 23. Rfd1 Ndxb3 24. axb3 Nxb3 25. Qb2 Nxd2 26. Qxd2 Rxc4 27. Ne2 Rbc8 28. f4 b5 29. f5 exf5 30. exf5 Qe5 31. fxg6 hxg6 32. Rf1 d5 33. Bd3 Ra4 34. Bxb5 Ra1 35. Rxa1 Qxa1+ 36. Ng1 d4 37. h3 Qc3 38. Qe2 Qe3 39. g4 Qf4 40. Qf3 Qe5 41. Bd3 a5 42. h4 Rc1 43. h5 Qe1 44. Qg2 Qh4+ 45. Qh2 Qxh2+ 46. Kxh2 Rc3 47. Bb5 d3 48. hxg6 d2 49. gxf7+ Kxf7 50. Ba4 Rc1 51. Bb3+ Kf6 52. Nf3 d1Q 53. Bxd1 Rxd1 54. Kg2 a4 55. Kf2 a3 56. Ke2 Rh1 57. g5+ Kg6 58. Ne5+ Kxg5 59. Nf3+ Kf6 60. Nd4 a2 0-1